00389 2200157 4500001002100000005001500021035002000036245003500056100002000091300003000111260003400141082000800175084001400183020002200197990001200219INLIS00000000000316020251126104953 a0010-11250000211 aHello Salma /cErisca Febriani0 aErisca Febriani a384 hlm ;c13,5 x 19,5 cm aDepok :bCoconut Books,c2018 a813 a813 ERI h a978-602-5508-23-3 a0754555